00704nam a2200181 a 450000100100000000500170001000800410002702000180006804000250008608200190011110000370013024500640016726000630023130000210029450400730031595201170038899900170050500004319920240306073910.0140224s2011 cu 000 0 spa d z9789592710818 aDO-SdBNPbspacBNPHU axxxxxxbxxxxxx1 aMartí, José,d1853-1895964510aJosé Martí y el equilibrio del mundo /cJosé Martí. aLa Habana, :bCentro de estudios martianosbCorcel,c2011. a275 p. ;c21 cm. aIncluye referencias bibliográficas y notas al pie de las páginas 001050718MOaGRbGRcHDd2014-02-24iLF1l0oxxxxxx xxxxxxp43199-10r2020-06-25w2020-06-25y1ZNo se presta c42688d42688